| 000 | 00834-am-a2200205-a-4500 | ||
|---|---|---|---|
| 001 | YSU0064862 | ||
| 003 | AM-YEHGA | ||
| 005 | 20250617163759.0 | ||
| 008 | 991013s1961 xxu 000 0 rus u | ||
| 020 | _c00.09 | ||
| 040 | _aAM-YeHGA | ||
| 100 | 1 | 0 | _aКондратьев, Петр Владимирович |
| 245 | 1 | 0 |
_aГерои небесных просторов : _b(Рассказы о летчиках-испытателях) / _cП.В. Кондратьев |
| 260 |
_aМосква : _bЗнание , _c1961. |
||
| 300 | _a47 с. | ||
| 440 | 0 |
_aМолодежная _vВып. 21 |
|
| 650 | 4 | _aТехника организации и управления | |
| 710 | 2 | _aВсесоюзное общество по распространению политических и научных знаний | |
| 090 | _c516061 | ||
| 999 |
_c512548 _d512548 |
||